| 000 | 00929 a2200253 4500 | ||
|---|---|---|---|
| 005 | 20250205131737.0 | ||
| 020 | _a978192857804 | ||
| 050 | 0 | 0 |
_a K 3830 _bDOL 2022 |
| 100 | 1 |
_aDolzer, Rudolf, _eauthor. |
|
| 245 | 1 | 0 |
_aPrinciples of International Investment law / _cRudolf Dolzer and Christoph Schreuer. |
| 250 | _aThird edition. | ||
| 264 | 1 |
_aOxford, United Kingdom : _bOxford University Press, _c2022. |
|
| 300 |
_alxv, 484 pages ; _billustrations |
||
| 336 |
_atext _2rdacontent _btxt |
||
| 337 |
_aunmediated _2rdamedia _bn |
||
| 338 |
_avolume _2rdacarrier _bnc |
||
| 500 | _aincludes index | ||
| 504 | _aIncludes bibliographical references and index. | ||
| 650 | 0 |
_aInvestments, Foreign _xLaw and legislation. |
|
| 700 | 1 |
_aKriebaum, Ursula, _eauthor. |
|
| 700 | 1 |
_aSchreuer, Christoph, _eauthor. |
|
| 942 |
_2lcc _cBK _h3830 _iDOL _kK |
||
| 999 |
_c11455 _d11455 |
||